banner-ar

تربية العنصرية فى المناهج الاسرائيلية / (Record no. 8026)

MARC details
000 -الفاتح
حقل البيانات ثابتة الطول 00988nam a2200265Ia 4500
008 - عناصر البيانات ثابتة الطول - معلومات عامة
حقل البيانات ثابتة الطول 140319s9999 xx 000 0 ara d
020 ## - الرقم الدولى المعيارى للكتب
الرقم الدولى المعيارى للكتاب 5907270977
040 ## - مصدر الفهرسة
وكالة الفهرسة الأصلية GCL /
وكالة النسخ GCL
082 04 - رقم تصنيف ديوى العشرى
رقم التصنيف 375.956903
رقم المادة ص ت
100 1# - المدخل الرئيسى - إسم شخصى
الإسم الشخصى حامد عمار
245 10 - بيان العنوان
العنوان تربية العنصرية فى المناهج الاسرائيلية /
بيان المسئوليه,etc حامد عمار
700 1# - المدخل الاضافى - اسم شخصى
الإسم الشخصى صفا محمود عبدالعال
250 ## - بيان الطبعة
بيان الطبعة الاولى
260 ## - PUBLICATION, DISTRIBUTION, ETC. (IMPRINT)
تاريخ النشر أو التوزيع 2005
300 ## - الوصف المادى
التعداد 229 ص ؛
أبعاد الوعاء 24 سم
490 ## - بيان السلسلة
عنوان السلسلة افاق تربوية متجددة
رقم المجلد/ التعيين التسلسلي 0
650 04 - المدخل الاضافى بالموضوع-مصطلح موضوعى
مصطلح موضوعي النزاع العربى الاسرائيلى
650 04 - المدخل الاضافى بالموضوع-مصطلح موضوعى
مصطلح موضوعي القضية الفلسطينية
650 04 - المدخل الاضافى بالموضوع-مصطلح موضوعى
مصطلح موضوعي الصهيونية
650 04 - المدخل الاضافى بالموضوع-مصطلح موضوعى
مصطلح موضوعي التعليم - مناهج - اسرائيل
650 04 - المدخل الاضافى بالموضوع-مصطلح موضوعى
مصطلح موضوعي التعليم - اغراضة واهدافة - اسرائيل
650 04 - المدخل الاضافى بالموضوع-مصطلح موضوعى
مصطلح موضوعي اسرائيل - التخطيط التربوى
942 ## - عناصر المدخل الإضافي( كوها)
مصدر التصنيف او مخطط الترفيف Dewey Decimal Classification
Koha [default] item type كتاب
260 ## - PUBLICATION, DISTRIBUTION, ETC. (IMPRINT)
-- القاهرة :
-- الدار المصرية اللبنانية ،
Holdings
حالة التراجع حالة الفقد حالة تلف ليس للاعارة المكان المؤقت الموقع الحالى تاريخ الاكتساب اجمالي اﻻعارات رقم الطلب الباركود تاريخ اخر مشاهدة تاريخ تفعيل السعر نوع وعاء كوها
        مكتبة القاهرة الكبرى مكتبة القاهرة الكبرى 03/26/2014   375.956903\ص ت 16617 03/26/2014 03/26/2014 كتاب

Powered By

EGPV